আঞ্জুমানে ওলামায়ে বাঙ্গালা (১৯১৩-১৯১৯): (Record no. 28713)

MARC details
000 -LEADER
fixed length control field 00904nam a22002057a 4500
003 - CONTROL NUMBER IDENTIFIER
control field BDDh-ASL
005 - DATE AND TIME OF LATEST TRANSACTION
control field 20231015030947.0
008 - FIXED-LENGTH DATA ELEMENTS--GENERAL INFORMATION
fixed length control field 220502s1992 ii ||||| |||| 00| 0 b d
040 ## - CATALOGING SOURCE
Transcribing agency BDDh-ASL
082 ## - DEWEY DECIMAL CLASSIFICATION NUMBER
Classification number 297
Item number DEA
100 1# - MAIN ENTRY--PERSONAL NAME
9 (RLIN) 621
Personal name দে, সুনীল কান্তি
245 10 - TITLE STATEMENT
Title আঞ্জুমানে ওলামায়ে বাঙ্গালা (১৯১৩-১৯১৯):
Remainder of title ও মুসলিম সমাজ /
246 ## - VARYING FORM OF TITLE
Title proper/short title Anjumane Olamae Bangala (1913-1919):
Remainder of title O Muslim Samaj
260 ## - PUBLICATION, DISTRIBUTION, ETC.
Place of publication, distribution, etc. কলকাতা:
Name of publisher, distributor, etc. মল্লিক ব্রাদার্স,
Date of publication, distribution, etc. ১৯৯২।
300 ## - PHYSICAL DESCRIPTION
Extent ১২৮ পৃষ্ঠা:
Dimensions ২২ সে.মি.
504 ## - BIBLIOGRAPHY, ETC. NOTE
Bibliography, etc. note গ্রন্থপঞ্জি সংযুক্ত ।
650 #0 - SUBJECT ADDED ENTRY--TOPICAL TERM
9 (RLIN) 606
Topical term or geographic name entry element মুসলিম সমাজ
650 #0 - SUBJECT ADDED ENTRY--TOPICAL TERM
9 (RLIN) 6085
Topical term or geographic name entry element ইসলাম ধর্ম (Islamic Religion)
942 ## - ADDED ENTRY ELEMENTS (KOHA)
Source of classification or shelving scheme Dewey Decimal Classification
Koha item type Books
Holdings
Withdrawn status Lost status Source of classification or shelving scheme Damaged status Not for loan Collection code Home library Current library Shelving location Date acquired Source of acquisition Total Checkouts Full call number Barcode Date last seen Copy number Price effective from Koha item type
    Dewey Decimal Classification     Non-fiction Asiatic Society Library Asiatic Society Library Sirajul Islam Collection 05/02/2022 Donated by Prof. Sirajul Islam FRHS   297 DEA 116747 05/02/2022 C-1 05/02/2022 Books

Powered by Koha